| 000 | 00473nam a2200169Ia 4500 | ||
|---|---|---|---|
| 008 | 230714s9999 xx 000 0 und d | ||
| 020 | _a9790000000000 | ||
| 041 | _aeng | ||
| 082 |
_a006.7'8 _bRAO |
||
| 100 |
_aRao R.R. _9198013 |
||
| 245 | _aCloud Computing And Virtualization | ||
| 260 |
_c2014 _bBS Publications |
||
| 300 | _a257 | ||
| 365 |
_cRs. _b250.00 |
||
| 700 |
_aRao R.R. & Ramaiah V.S. _9198014 |
||
| 906 |
_dO:0469203-Oct-2015B:IN 125927-Aug-2015 _cIT _b562.5 |
||
| 999 |
_c216109 _d216109 |
||